Statistics for Which Countries Are Hidden Behind These Squares? #2

Click here to take the quiz!

General Stats

  • This quiz has been taken 416 times
  • The average score is 39 of 43

Answers on the Map

Answers color-coded by a green-red scale on the quiz's map according to % correct below.
 

Answer Stats

Country% Correct
Saudi Arabia
98%
Cuba
97%
Iraq
97%
Mexico
97%
Haiti
96%
Honduras
96%
Iran
96%
Israel
96%
Egypt
95%
Syria
95%
UAE
95%
Ghana
94%
Lebanon
94%
Turkey
94%
Bahamas
93%
Jamaica
93%
Jordan
93%
Mali
93%
Nicaragua
93%
Niger
93%
Nigeria
93%
El Salvador
92%
Belize
91%
Côte d'Ivoire
91%
Guatemala
91%
Kuwait
91%
United States
91%
Mauritania
90%
Morocco
90%
Qatar
90%
Benin
89%
Sudan
89%
Senegal
88%
Togo
88%
Bahrain
87%
Sierra Leone
87%
Gambia
86%
Guinea
86%
Liberia
86%
Guinea-Bissau
83%
Cyprus
81%
Algeria
80%
Burkina Faso
79%

Score Distribution

Percentile by Number Answered

Percent of People with Each Score

Your Score History

You have not taken this quiz